Quiz o Grecji - Statystyki

Ogólne statystyki
  • Ten quiz został rozwiązany 27 razy
  • Średni wynik to 14 z 28
Statystyki odpowiedzi
Wskazówka Odpowiedź % Poprawnych
Stolica Ateny
100%
Waluta Euro
95%
Język urzędowy Nowogrecki
95%
Liczba ludności w milionach (ok.) 10 mln
86%
Największa wyspa Kreta
82%
Półwysep, na którym leży Półwysep Bałkański
77%
Zbiór opowieści o bogach, herosach czy tytanach i to, na czym opierały się wierzenia starożytnych Greków Mitologia
68%
M. in. feta, graviera, halloumi czy metsovone, które, co ciekawe, pochodzą właśnie z Grecji Ser
68%
Autor "Antygony" Sofokles
68%
Morze, do którego ma dostęp od południa Morze Śródziemne
64%
Jak nazywa się ta litera? "Ω" Omega
64%
Nazwa Grecji nadana jej przez starożytnych mieszkańców jej terenów - Hellenów Hellada
59%
Morze, do którego ma dostęp od wschodu Morze Egejskie
55%
Państwo, które w 2018 r. zmieniło nazwę ze względu na to, że nazywało się tak samo, jak jeden z greckich regionów Macedonia Północna
50%
Owoc, któremu uprawie sprzyjają śródziemnomorskie warunki; zwycięzca starożytnych igrzysk olimpijskich otrzymywał wieniec spleciony z jego gałązek Oliwka
45%
Usługi, które wytwarzają ponad 16% greckiego PKB Turystyka
45%
Wzgórze w stolicy, na którym wybudowany został słynny Partenon - świątynia poświęcona Atenie Partenos Akropol
41%
Morze, do którego ma dostęp od zachodu Morze Jońskie
41%
Kto powiedział "Wiem, że nic nie wiem"? Sokrates
41%
Największy półwysep Peloponez
27%
Olbrzymi posąg boga Heliosa na wyspie Rodos, który został zniszczony przez trzęsienie ziemi; jeden z siedmiu códów świata starożytnego Kolos Rodyjski
23%
Morze, do którego ma dostęp od południowego wschodu Morze Kreteńskie
23%
Rok dołączenia do NATO 1952 r.
14%
Rok dołączenia do Unii Europejskiej 1981 r.
14%
Najwyższy szczyt Mitikas
14%
Najdłuższa rzeka Aliakmon
5%
Prezydent Ekaterini Sakielaropulu
5%
Największy partner handlowy Cypr
0%
Nie znaleziono quizów pasujących do podanych kryteriów
Rozkład punktacji
Procent ludzi z każdym wynikiem
Percentyl według liczby udzielonych odpowiedzi
Twoja historia wyników
Nie rozwiązałeś tego quizu